| Tag |
First Indicator |
Second Indicator |
Subfields |
| LEADER |
00000cam a2200000 a 4500 |
| 001 |
in00000001031 |
| 005 |
20151002070012.0 |
| 007 |
he bmb024bbca |
| 008 |
981026s1998 mdua bb f000 0 eng d |
| 035 |
|
|
|a (OCoLC)40167010
|
| 035 |
|
|
|9 AHS7490AM
|
| 040 |
|
|
|a GPO
|c GPO
|d DLC
|d MvI
|d UtOrBLW
|
| 043 |
|
|
|a n-us---
|
| 049 |
|
|
|a UMIC
|
| 074 |
|
|
|a 0208-C-05 (MF)
|
| 086 |
0 |
|
|a C 55.13/2:NOS ORCA 130
|
| 245 |
0 |
0 |
|a Sampling and analytical methods of the National Status and Trends Program mussel watch project, 1993-1996, update /
|c G.G. Lauenstein and A.Y. Cantillo (editors).
|
| 264 |
|
1 |
|a Silver Spring, Md. :
|b National Oceanic and Atmospheric Administration, Coastal Monitoring and Bioeffects Assessment Division, Office of Ocean Resources Conservation and Assessment, National Ocean Service,
|c [1998]
|
| 300 |
|
|
|a v, 233 pages :
|b illustrations ;
|c 28 cm.
|
| 336 |
|
|
|a text
|b txt
|2 rdacontent
|
| 337 |
|
|
|a microform
|b h
|2 rdamedia
|
| 338 |
|
|
|a microfiche
|b he
|2 rdacarrier
|
| 490 |
1 |
|
|a NOAA technical memorandum NOS ORCA ;
|v 130
|
| 500 |
|
|
|a "National Status and Trends Program for Marine Environmental Quality"--Cover.
|
| 500 |
|
|
|a "March 1998."
|
| 500 |
|
|
|a Shipping list number: 98-0912-M.
|
| 504 |
|
|
|a Includes bibliographical references.
|
| 533 |
|
|
|a Microfiche.
|b [Washington, D.C.] :
|c Supt. of Docs., U.S. G.P.O.,
|d 1998
|e 3 microfiches : negative.
|
| 500 |
|
|
|a Microform.
|
| 610 |
2 |
0 |
|a National Status and Trends Program (U.S.)
|
| 650 |
|
0 |
|a Marine sediments
|z United States
|x Analysis.
|
| 650 |
|
0 |
|a Mussels
|x Effect of water pollution on
|z United States
|x Measurement.
|
| 650 |
|
0 |
|a Marine pollution
|z United States
|x Measurement.
|
| 650 |
|
0 |
|a Environmental monitoring
|z United States.
|
| 700 |
1 |
|
|a Lauenstein, G. G.
|
| 700 |
1 |
|
|a Cantillo, Adriana Y.
|
| 710 |
1 |
|
|a United States.
|b National Ocean Service.
|b Coastal Monitoring and Bioeffects Assessment Division.
|
| 830 |
|
0 |
|a NOAA technical memorandum NOS ORCA ;
|v 130.
|
| 999 |
|
|
|a MARS
|
| 999 |
f |
f |
|s d784cb74-215e-3570-9acb-f5b4df9d6667
|i a89a3699-3325-3628-a82c-cdc81f38a969
|t 0
|
| 952 |
f |
f |
|p normal
|a Texas A&M University
|b College Station
|c Sterling C. Evans Library
|d Evans: US Documents (Annex 5th floor)
|t 0
|e C 55.13/2:NOS ORCA 130
|h Superintendent of Documents classification
|i microform -- microfiche
|m A14832460241
|
| 952 |
f |
f |
|p normal
|a Texas A&M University
|b College Station
|c Sterling C. Evans Library
|d Evans: US Documents Microfiche (3rd floor)
|t 0
|e C 55.13/2:NOS ORCA 130
|h Superintendent of Documents classification
|i microform -- microfiche
|m A14824370636
|
| 998 |
f |
f |
|a C 55.13/2:NOS ORCA 130
|t 0
|l Evans: US Documents (Annex 5th floor)
|
| 998 |
f |
f |
|a C 55.13/2:NOS ORCA 130
|t 0
|l Evans: US Documents Microfiche (3rd floor)
|